भागवत धर्म (Record no. 1467144)

MARC details
000 -LEADER
fixed length control field 01340 a2200277 4500
003 - CONTROL NUMBER IDENTIFIER
control field OSt
005 - DATE AND TIME OF LATEST TRANSACTION
control field 20260415105430.0
008 - FIXED-LENGTH DATA ELEMENTS--GENERAL INFORMATION
fixed length control field 260316b |||||||| |||| 00| 0 eng d
020 ## - INTERNATIONAL STANDARD BOOK NUMBER
International Standard Book Number 8173090408 (खण्ड 1) (hbk)
020 ## - INTERNATIONAL STANDARD BOOK NUMBER
International Standard Book Number 8173090467 (खण्ड 2) (hbk)
037 ## - SOURCE OF ACQUISITION
Terms of availability REF
040 ## - CATALOGING SOURCE
Original cataloging agency CRL
Transcribing agency CRL
041 ## - LANGUAGE CODE
Source of code hin
Language code of text/sound track or separate title hin
084 ## - COLON CLASSIFICATION NUMBER
Classification number Q221 152P5.1-.2 (RR)
Assigning agency CRL
100 ## - MAIN ENTRY--PERSONAL NAME
Personal name उपाध्याय, हरिभाऊ
9 (RLIN) 862657
245 ## - TITLE STATEMENT
Title भागवत धर्म
260 ## - PUBLICATION, DISTRIBUTION, ETC.
Place of publication, distribution, etc. नई दिल्ली, भारत:
Name of publisher, distributor, etc. सस्ता साहित्य मण्डल प्रकाशन,
Date of publication, distribution, etc. 2005.
300 ## - PHYSICAL DESCRIPTION
Extent खंड 1 (1-432पृ.), खंड 2 (1-352पृ.)
365 ## - TRADE PRICE
Price amount खण्ड 1- 130.00
Currency code INR
365 ## - TRADE PRICE
Price amount खण्ड 2 - 130.00
Currency code INR
650 ## - SUBJECT ADDED ENTRY--TOPICAL TERM
Topical term or geographic name entry element धर्म
650 ## - SUBJECT ADDED ENTRY--TOPICAL TERM
Topical term or geographic name entry element भागवत
9 (RLIN) 1132058
942 ## - ADDED ENTRY ELEMENTS (KOHA)
Koha item type Reference
Source of classification or shelving scheme Colon Classification (CC)
Classification part Q221 152P5.1-.2 (RR)
Holdings
Withdrawn status Lost status Source of classification or shelving scheme Damaged status Not for loan Home library Current library Date acquired Source of acquisition Cost, normal purchase price Serial Enumeration / chronology Inventory number Total Checkouts Full call number Barcode Date last seen Cost, replacement price Price effective from Koha item type
    Colon Classification (CC)     Central Library Central Library 2026-02-04 108/ सस्ता साहित्य मंडल 104.00 खंड 1 - पूर्वार्द्ध 950 & 2026-01-20   Q221 152P5.1 CL1925776 2026-02-04 130.00 2026-02-04 Reference
    Colon Classification (CC)     Central Library Central Library 2026-02-04 108/ सस्ता साहित्य मंडल 104.00 खंड 2 - उत्तरार्द्ध 950 & 2026-01-20   Q221 152P5.2 CL1925777 2026-02-04 130.00 2026-02-04 Reference
Copyright @ Delhi University Library System